000 00863nam a2200229Ii 4500
003 JO-AjNU
008 230605s9999||||xx |||||||||||||| ||und||
017 _a2020/9/3874
020 _a978-9923-25-337-3
040 _aJO-AjNU
_bara
_erda
_cJO-AjNU
041 _aara
050 1 4 _aS494.5 2021
100 3 _aاالدليمي، صبحي احمد، م. مشارك عبد السلام عارف عبد الرزاق,
_eauthor
_964309
245 0 0 _aجغرافية الزراعة
250 _aط1
264 3 1 _aعمان:دار امجد للنشر والتوزيع ، 2021
300 _a203ص
336 _atext
_btxt
_2rdacontent
337 _aunmediated
_bn
_2rdamedia
338 _avolume
_bnc
_2rdacarrier
650 4 _aالانتاج الزراعي- العوامل البيئية- التنمية المستدامة- الجغرافية الزراعية
_964310
999 _aA29218
_c32786
_d32786